| 000 | 00572nam a2200193Ia 4500 | ||
|---|---|---|---|
| 003 | OSt | ||
| 005 | 20250909123518.0 | ||
| 008 | Pun | ||
| 037 | _cTB | ||
| 040 |
_aARTS _cARTS _bPun |
||
| 041 |
_2Pun _aPun |
||
| 084 |
_aO153,3:g M7 _qAL |
||
| 100 |
_aਸਿੰਘ, ਹਰਦਰFਨ _9820629 |
||
| 245 | 0 | _aਪੰਜਾਬੀ ਨਾਵਲ ਵਿਚ ਨਾਇਕ ਦਾ ਵਿਗਠਨ | |
| 260 | _c1987 | ||
| 650 |
_aਪੰਜਾਬੀ ਸਾਹਿਤ _9820630 |
||
| 942 |
_hO153,3:g M7 _cTB _2CC _n0 |
||
| 999 |
_c378223 _d378223 |
||